
Library Catalogue

| 000 -LEADER | |
|---|---|
| fixed length control field | 00833nam a2200217Ia 4500 |
| 003 - CONTROL NUMBER IDENTIFIER | |
| control field | OSt |
| 005 - DATE AND TIME OF LATEST TRANSACTION | |
| control field | 20200925114905.0 |
| 008 - FIXED-LENGTH DATA ELEMENTS--GENERAL INFORMATION | |
| fixed length control field | 160316s1982 xxu||||| |||| 00| 0 eng d |
| 020 ## - INTERNATIONAL STANDARD BOOK NUMBER | |
| International Standard Book Number | 9780394713809 |
| 040 ## - CATALOGING SOURCE | |
| Transcribing agency | nls |
| 082 ## - DEWEY DECIMAL CLASSIFICATION NUMBER | |
| Classification number | 345.730200 |
| Item number | DER |
| 100 ## - MAIN ENTRY--PERSONAL NAME | |
| Personal name | Dershowitz Alan M |
| 245 ## - TITLE STATEMENT | |
| Title | The best defense |
| 260 ## - PUBLICATION, DISTRIBUTION, ETC. | |
| Place of publication, distribution, etc. | New York |
| Name of publisher, distributor, etc. | Village Books |
| Date of publication, distribution, etc. | 1982 |
| 300 ## - PHYSICAL DESCRIPTION | |
| Extent | 425p |
| Dimensions | xiii |
| 365 ## - TRADE PRICE | |
| Price amount | Rs. 1,096 |
| 505 ## - FORMATTED CONTENTS NOTE | |
| Formatted contents note | Anyone interested in the true merits of criminal law and very fine writing must read Alan Dershowitz's book." --Truman Capote In this tell-all legal memoir, Alan Dershowitz describes his most famous, and infamous, cases and clients. In the process, takes a critical, informed look at a legal system that he regards as deeply corrupt. |
| 650 ## - SUBJECT ADDED ENTRY--TOPICAL TERM | |
| Topical term or geographic name entry element | 1. Trials - U S A |
| 700 ## - ADDED ENTRY--PERSONAL NAME | |
| Personal name | |
| -- | |
| 942 ## - ADDED ENTRY ELEMENTS (KOHA) | |
| Source of classification or shelving scheme | Dewey Decimal Classification |
| Koha item type | BOOKs |
| Withdrawn status | Lost status | Damaged status | Not for loan | Home library | Current library | Shelving location | Date acquired | Cost, normal purchase price | Total Checkouts | Full call number | Barcode | Date last seen | Price effective from | Koha item type |
|---|---|---|---|---|---|---|---|---|---|---|---|---|---|---|
| . | . | General Stacks | 30.05.2017 | 1096.00 | 345.7302 DER | 34201 | 30.05.2017 | 30.05.2017 | BOOKs |